[Event "SA-2014-0-00423"]
[Site "LSS email"]
[Date "2014.08.12"]
[Round "?"]
[White "Kuhn, Christian Helmut"]
[Black "Jacewicz, Grzegorz"]
[Result "1/2-1/2"]
[WhiteElo "1995"]
[BlackElo "2035"]
[PlyCount "51"]
[EventDate "2014.07.24"]
[EventType "tourn (corr)"]
[EventRounds "6"]
[EventCountry "GER"]
[SourceTitle "Corr 2015"]
[Source "ChessBase"]
[SourceDate "2015.07.17"]
[SourceVersion "1"]
[SourceVersionDate "2015.07.17"]
[SourceQuality "1"]

1. c4 e5 2. g3 Nf6 3. Bg2 d5 4. cxd5 Nxd5 5. Nf3 Nc6 6. 0-0 Nb6 7. d3 Be7 8. Nbd2 0-0 9. a3 a5 10. b3 Be6 11. Bb2 f6 12. Qc2 Qd7 13. e3 Rfd8 14. d4 exd4 15. Nxd4 Nxd4 16. exd4 Bf5 17. Ne4 c6 18. Rfe1 Re8 19. Qc1 Nd5 20. Nc5 Bxc5 21. dxc5 Rxe1+ 22. Qxe1 Bc2 23. Bc3 Bxb3 24. Bxa5 Bc2 25. Qd2 Qf5 26. Rc1 1/2-1/2

[Event "GER HS-138 email"]
[Site "GER email"]
[Date "2012.11.21"]
[Round "?"]
[White "Reichelt, Holger"]
[Black "Kuhn, Christian Helmut"]
[Result "1-0"]
[WhiteElo "1979"]
[BlackElo "1845"]
[PlyCount "43"]
[EventDate "2012.11.27"]
[EventType "tourn (corr)"]
[EventRounds "6"]
[EventCountry "GER"]
[SourceTitle "Corr 2015"]
[Source "ChessBase"]
[SourceDate "2015.07.17"]
[SourceVersion "1"]
[SourceVersionDate "2015.07.17"]
[SourceQuality "1"]

1. d4 Nf6 2. Nf3 c5 3. d5 d6 4. Nc3 Bf5 5. Nd2 g5 6. e4 Bg6 7. Bd3 Nbd7 8. Nc4 a6 9. Bxg5 b5 10. Ne3 c4 11. Be2 b4 12. Bxf6 Nxf6 13. Na4 c3 14. b3 Bxe4 15. Qd4 Qc7 16. Qxb4 Rg8 17. Nxc3 Bxg2 18. Rg1 Bh3 19. Rxg8 Nxg8 20. 0-0-0 Nf6 21. Rg1 Rb8 22. Qd4 1-0

[Event "GER HS-137 email"]
[Site "GER email"]
[Date "2012.11.18"]
[Round "?"]
[White "Ganzer, Michael"]
[Black "Kuhn, Christian Helmut"]
[Result "0-1"]
[WhiteElo "1733"]
[BlackElo "1844"]
[PlyCount "126"]
[EventDate "2012.11.26"]
[EventType "tourn (corr)"]
[EventRounds "6"]
[EventCountry "GER"]
[SourceTitle "Corr 2015"]
[Source "ChessBase"]
[SourceDate "2015.07.17"]
[SourceVersion "1"]
[SourceVersionDate "2015.07.17"]
[SourceQuality "1"]

1. e4 e5 2. Nf3 Nf6 3. d4 Nxe4 4. Bd3 d5 5. Nxe5 Nd7 6. Nxd7 Bxd7 7. Qh5 Nf6 8. Qe5+ Be7 9. 0-0 0-0 10. Bf4 Rc8 11. Bg5 c6 12. Nd2 Re8 13. Rae1 h6 14. Be3 Be6 15. Bf4 c5 16. b3 c4 17. bxc4 Bf8 18. Qe3 dxc4 19. Be2 Bg4 20. Qxe8 Nxe8 21. Bxg4 Ra8 22. c3 Nf6 23. Bf3 Nd5 24. Bg3 Rc8 25. Nb1 b5 26. Re2 b4 27. cxb4 Nxb4 28. Bb7 c3 29. Bxc8 Qxc8 30. Rc1 c2 31. Na3 Qa6 32. Re3 Qb6 33. Rxc2 Nxc2 34. Nxc2 Qb1+ 35. Ne1 Bb4 36. f4 Qxa2 37. Nf3 a5 38. Be1 Bxe1 39. Rxe1 a4 40. h3 a3 41. g4 Qb2 42. g5 a2 43. Kf1 a1R 44. Rxa1 Qxa1+ 45. Kg2 Qa8 46. Kf2 Qe4 47. Kg3 f6 48. h4 hxg5 49. hxg5 f5 50. g6 Qe3 51. d5 Kf8 52. d6 Ke8 53. Kg2 Qxf4 54. d7+ Kxd7 55. Ng1 Ke6 56. Nf3 Kd5 57. Nh2 Ke4 58. Nf1 Qf3+ 59. Kg1 Kf4 60. Nh2 Qe2 61. Nf1 Kg4 62. Kh1 Kh3 63. Kg1 Qg2# 0-1

[Event "GER HS-137 email"]
[Site "GER email"]
[Date "2012.11.18"]
[Round "?"]
[White "Preussner, Michael"]
[Black "Kuhn, Christian Helmut"]
[Result "1/2-1/2"]
[WhiteElo "1873"]
[BlackElo "1844"]
[PlyCount "123"]
[EventDate "2012.11.26"]
[EventType "tourn (corr)"]
[EventRounds "6"]
[EventCountry "GER"]
[SourceTitle "Corr 2015"]
[Source "ChessBase"]
[SourceDate "2015.07.17"]
[SourceVersion "1"]
[SourceVersionDate "2015.07.17"]
[SourceQuality "1"]

1. d4 Nf6 2. f3 d5 3. e4 dxe4 4. Nc3 exf3 5. Nxf3 e6 6. Bg5 Be7 7. Bd3 Nc6 8. a3 a6 9. Qd2 Rb8 10. 0-0-0 h6 11. Be3 b5 12. Ne5 Bb7 13. Rhf1 b4 14. axb4 Nxb4 15. Qf2 Nxd3+ 16. Rxd3 a5 17. Qg3 Kf8 18. d5 exd5 19. Ne4 dxe4 20. Rxd8+ Rxd8 21. Rd1 Rxd1+ 22. Kxd1 Bd5 23. Bd4 Kg8 24. Nd7 Ne8 25. Qe5 Be6 26. Nc5 Bf6 27. Qxe4 Nd6 28. Qf4 Bg5 29. Qg3 Nf5 30. Qd3 Nxd4 31. Qxd4 Bf6 32. Qd3 Bc8 33. Kc1 a4 34. h3 g6 35. Ne4 Bg7 36. Qc4 Bb7 37. Qxa4 Kh7 38. Qc4 Ra8 39. g3 Ra1+ 40. Kd2 Ra6 41. Nc3 Rd6+ 42. Kc1 Rf6 43. Qxc7 Bg2 44. h4 Rf1+ 45. Kd2 Rf2+ 46. Kd3 Rf3+ 47. Ke2 Rf5 48. Qa7 h5 49. Kd2 Bh6+ 50. Kd1 Rf1+ 51. Ke2 Rf6 52. Kd3 Bf1+ 53. Kd4 Bg7 54. Kc5 Rf2 55. Kb4 Rxc2 56. Kb3 Bd3 57. Qxf7 Rd2 58. Ka3 Bc2 59. Qe7 Bf5 60. Kb3 Rd7 61. Qc5 Rd3 62. Qc7 1/2-1/2

[Event "SA-2012-0-00312"]
[Site "LSS email"]
[Date "2012.11.16"]
[Round "?"]
[White "Kuhn, Christian Helmut"]
[Black "Dard, Michel"]
[Result "1/2-1/2"]
[WhiteElo "2009"]
[BlackElo "2159"]
[PlyCount "51"]
[EventDate "2012.11.01"]
[EventType "tourn (corr)"]
[EventRounds "6"]
[EventCountry "GER"]
[SourceTitle "Telechess CBM 161"]
[Source "ChessBase"]
[SourceDate "2014.07.16"]
[SourceVersion "1"]
[SourceVersionDate "2014.07.16"]
[SourceQuality "1"]

1. e4 e5 2. Bc4 Nc6 3. Nf3 Bc5 4. b4 Bxb4 5. c3 Ba5 6. d4 exd4 7. Qb3 Qf6 8. 0-0 Bb6 9. e5 Qg6 10. cxd4 Nxd4 11. Nxd4 Bxd4 12. Nc3 Bxc3 13. Qxc3 Ne7 14. Ba3 b6 15. Bxe7 Bb7 16. Qh3 Kxe7 17. Rad1 Rhd8 18. Rd4 d5 19. exd6+ Rxd6 20. Rg4 Qh6 21. Rh4 Qd2 22. Qf5 Re8 23. Qxf7+ Kd8 24. Rxh7 Rd7 25. Qh5 c6 26. Qg4 1/2-1/2

[Event "SA-2012-0-00312"]
[Site "LSS email"]
[Date "2012.11.16"]
[Round "?"]
[White "Kuhn, Christian Helmut"]
[Black "Morcin, Tom"]
[Result "1/2-1/2"]
[WhiteElo "2009"]
[BlackElo "2115"]
[PlyCount "29"]
[EventDate "2012.11.01"]
[EventType "tourn (corr)"]
[EventRounds "6"]
[EventCountry "GER"]
[SourceTitle "Corr 2015"]
[Source "ChessBase"]
[SourceDate "2015.07.17"]
[SourceVersion "1"]
[SourceVersionDate "2015.07.17"]
[SourceQuality "1"]

1. e4 c5 2. d4 cxd4 3. c3 dxc3 4. Nxc3 d6 5. Bc4 Nc6 6. Nf3 e6 7. 0-0 Nf6 8. Qe2 a6 9. Rd1 Qc7 10. Bf4 Be7 11. Rac1 0-0 12. Bb3 Nh5 13. Be3 Nf6 14. Bf4 Nh5 15. Be3 1/2-1/2

[Event "SA-2012-0-00312"]
[Site "LSS email"]
[Date "2012.11.16"]
[Round "?"]
[White "Vujadinovic, Milan"]
[Black "Kuhn, Christian Helmut"]
[Result "1/2-1/2"]
[WhiteElo "2071"]
[BlackElo "2009"]
[PlyCount "59"]
[EventDate "2012.11.01"]
[EventType "tourn (corr)"]
[EventRounds "6"]
[EventCountry "GER"]
[SourceTitle "Telechess CBM 161"]
[Source "ChessBase"]
[SourceDate "2014.07.16"]
[SourceVersion "1"]
[SourceVersionDate "2014.07.16"]
[SourceQuality "1"]

1. e4 e5 2. Nf3 Nf6 3. Nxe5 d6 4. Nf3 Nxe4 5. d4 d5 6. Bd3 Be7 7. 0-0 Nc6 8. c4 Nb4 9. Be2 0-0 10. Nc3 Bf5 11. a3 Nxc3 12. bxc3 Nc6 13. Re1 Re8 14. cxd5 Qxd5 15. Bf4 Rac8 16. Bd3 Qd7 17. Rb1 b6 18. d5 Bxd3 19. Qxd3 Bxa3 20. Ng5 g6 21. Ne4 Be7 22. Qd2 Na5 23. Bh6 Qf5 24. Qd4 f6 25. Qa4 Nb7 26. Rbd1 Red8 27. d6 cxd6 28. Qxa7 Qd7 29. Qxb6 Qc6 30. Qe3 1/2-1/2

[Event "BI-2011-F-00005"]
[Site "LSS email"]
[Date "2012.02.12"]
[Round "?"]
[White "Kuhn, Christian Helmut"]
[Black "Fernandez, Javier Horacio"]
[Result "1/2-1/2"]
[WhiteElo "2015"]
[BlackElo "2203"]
[PlyCount "73"]
[EventDate "2012.02.15"]
[EventType "tourn (corr)"]
[EventRounds "10"]
[EventCountry "GER"]
[SourceTitle "Telechess CBM 159"]
[Source "ChessBase"]
[SourceDate "2014.03.17"]
[SourceVersion "1"]
[SourceVersionDate "2014.03.17"]
[SourceQuality "1"]

1. c4 Nf6 2. g3 e5 3. Bg2 d5 4. cxd5 Nxd5 5. Nf3 Nc6 6. 0-0 Nb6 7. d3 Be7 8. Nbd2 0-0 9. a3 a5 10. b3 Be6 11. Qc2 f6 12. Bb2 Qd7 13. Rac1 Rfd8 14. Rfe1 Qe8 15. e3 Qg6 16. d4 Qxc2 17. Rxc2 e4 18. Nxe4 Bxb3 19. Rc3 Bd5 20. Nc5 Bxc5 21. Rxc5 Na4 22. Rc2 Be4 23. Rce2 Ne7 24. Rc1 Rac8 25. Ne1 Bxg2 26. Kxg2 c5 27. dxc5 Nxc5 28. Rec2 Nb3 29. Rxc8 Rxc8 30. Rd1 Kf7 31. Rd6 Rc6 32. Rd8 Ke6 33. Rb8 Rc7 34. Nd3 Nd5 35. Re8+ Re7 36. Rc8 Kd7 37. Rh8 1/2-1/2

[Event "BI-2011-F-00005"]
[Site "LSS email"]
[Date "2012.02.12"]
[Round "?"]
[White "Kuhn, Christian Helmut"]
[Black "Kele, Karoly"]
[Result "1/2-1/2"]
[WhiteElo "2015"]
[BlackElo "1989"]
[PlyCount "57"]
[EventDate "2012.02.15"]
[EventType "tourn (corr)"]
[EventRounds "10"]
[EventCountry "GER"]
[SourceTitle "Telechess CBM 159"]
[Source "ChessBase"]
[SourceDate "2014.03.17"]
[SourceVersion "1"]
[SourceVersionDate "2014.03.17"]
[SourceQuality "1"]

1. c4 Nf6 2. g3 c5 3. Bg2 Nc6 4. Nc3 g6 5. a3 Bg7 6. Rb1 a5 7. Nf3 0-0 8. 0-0 d5 9. cxd5 Nxd5 10. Re1 Rb8 11. Qa4 Bf5 12. e4 Nxc3 13. dxc3 Bd7 14. Qc2 Qc7 15. Rd1 Rbd8 16. Be3 Ne5 17. Nxe5 Bxe5 18. Qe2 b6 19. f4 Bg7 20. e5 Bf5 21. Rbc1 h5 22. Bf3 Rfe8 23. b4 Rxd1+ 24. Rxd1 axb4 25. Qb5 Rb8 26. cxb4 cxb4 27. Qxb4 Bf8 28. Rc1 Qa7 29. a4 1/2-1/2

[Event "BI-2011-F-00005"]
[Site "LSS email"]
[Date "2012.02.12"]
[Round "?"]
[White "Pluemmer, Rolf"]
[Black "Kuhn, Christian Helmut"]
[Result "1/2-1/2"]
[WhiteElo "2167"]
[BlackElo "2015"]
[PlyCount "115"]
[EventDate "2012.02.15"]
[EventType "tourn (corr)"]
[EventRounds "10"]
[EventCountry "GER"]
[SourceTitle "Telechess CBM 159"]
[Source "ChessBase"]
[SourceDate "2014.03.17"]
[SourceVersion "1"]
[SourceVersionDate "2014.03.17"]
[SourceQuality "1"]

1. e4 c5 2. Nf3 d6 3. d4 cxd4 4. Nxd4 Nf6 5. Nc3 a6 6. Be3 e5 7. Nb3 Be6 8. f3 Nbd7 9. g4 Nb6 10. g5 Nh5 11. Qd2 Be7 12. 0-0-0 0-0 13. Rg1 Rc8 14. Kb1 g6 15. h4 Qc7 16. Qf2 Nc4 17. Bxc4 Bxc4 18. Bb6 Qd7 19. Nc5 Qc6 20. Nd3 f5 21. Nb4 Qe8 22. Qd2 fxe4 23. fxe4 Rf7 24. b3 Be6 25. Ncd5 Bxd5 26. Nxd5 Nf4 27. Rdf1 Qc6 28. Rxf4 exf4 29. Bd4 f3 30. h5 Kf8 31. hxg6 hxg6 32. Qh2 Ke8 33. Bf6 Kd7 34. c3 Rcf8 35. Qh3+ Kd8 36. Qxf3 Qe8 37. Qe3 Bxf6 38. gxf6 Kc8 39. Rxg6 Kb8 40. Qf4 Qe5 41. Qh4 Re8 42. Rg4 Ref8 43. Rg5 Qe6 44. Rg7 Rxf6 45. Nxf6 Qxf6 46. Qxf6 Rxf6 47. a4 Re6 48. Rg4 Kc7 49. Kc2 Kc6 50. Kd3 d5 51. a5 dxe4+ 52. Rxe4 Rh6 53. Kc4 Rg6 54. b4 Rh6 55. Kb3 Rg6 56. Re3 Rh6 57. c4 Rg6 58. Kc3 1/2-1/2

[Event "CP-2011-P-00044"]
[Site "LSS email"]
[Date "2011.09.30"]
[Round "?"]
[White "Kuhn, Christian Helmut"]
[Black "Tortosa, Horacio"]
[Result "1-0"]
[WhiteElo "1999"]
[BlackElo "1816"]
[PlyCount "111"]
[EventDate "2011.10.01"]
[EventType "tourn (corr)"]
[EventRounds "6"]
[EventCountry "GER"]
[SourceTitle "Telechess CBM 155"]
[Source "ChessBase"]
[SourceDate "2013.07.16"]
[SourceVersion "1"]
[SourceVersionDate "2013.07.16"]
[SourceQuality "1"]

1. c4 Nf6 2. g3 e5 3. Bg2 Nc6 4. Nc3 Bc5 5. a3 a6 6. Rb1 0-0 7. b4 Ba7 8. e3 Ne7 9. Nge2 d5 10. cxd5 Nfxd5 11. Bb2 Be6 12. 0-0 c6 13. Ne4 Ng6 14. Nc5 Qe7 15. Nxe6 Qxe6 16. Nc3 Nxc3 17. Bxc3 Ne7 18. a4 Nd5 19. Ba1 Rad8 20. Qb3 Rfe8 21. b5 cxb5 22. axb5 a5 23. b6 Nxb6 24. Qc3 Bb8 25. Rfc1 a4 26. Bxb7 Re7 27. Bc6 Ba7 28. Qa5 Rc8 29. Bxa4 Nxa4 30. Rxc8+ Qxc8 31. Qxa4 e4 32. Rb5 h6 33. Bb2 Qd7 34. Ba3 Re8 35. Qb3 Qe6 36. Qxe6 Rxe6 37. f3 exf3 38. Kf2 Ra6 39. Bb4 g6 40. g4 Rb6 41. Rxb6 Bxb6 42. d4 f6 43. h4 h5 44. gxh5 gxh5 45. Kxf3 Kf7 46. Ke4 Bc7 47. Be1 Kg6 48. Kd5 Kf5 49. Kc6 Bd8 50. d5 Ke4 51. d6 f5 52. Kd7 Bb6 53. Bf2 f4 54. Kc6 Bd8 55. exf4 Kxf4 56. Kd7 1-0

[Event "CP-2011-P-00044"]
[Site "LSS email"]
[Date "2011.09.30"]
[Round "?"]
[White "Sanner, Zdzislaw"]
[Black "Kuhn, Christian Helmut"]
[Result "1-0"]
[WhiteElo "2209"]
[BlackElo "1999"]
[PlyCount "71"]
[EventDate "2011.10.01"]
[EventType "tourn (corr)"]
[EventRounds "6"]
[EventCountry "GER"]
[SourceTitle "Telechess CBM 155"]
[Source "ChessBase"]
[SourceDate "2013.07.16"]
[SourceVersion "1"]
[SourceVersionDate "2013.07.16"]
[SourceQuality "1"]

1. d4 Nf6 2. c4 g6 3. Nc3 Bg7 4. e4 d6 5. Nf3 0-0 6. Be2 e5 7. Be3 Na6 8. 0-0 Ng4 9. Bg5 Qe8 10. dxe5 dxe5 11. h3 f6 12. Bd2 Nh6 13. Qb3 Nf7 14. Rad1 b6 15. Be3 f5 16. exf5 gxf5 17. Qa3 Bb7 18. Nd5 f4 19. Bd2 c6 20. Ne7+ Kh8 21. Nf5 Bf6 22. Bc3 Nc5 23. Nd6 Nxd6 24. Rxd6 Bg7 25. Rfd1 a5 26. Bd3 Qh5 27. Bc2 Rae8 28. b4 axb4 29. Qxb4 Bc8 30. Qxb6 Bxh3 31. Qxc6 Rg8 32. Bg6 hxg6 33. gxh3 Qxh3 34. Ng5 Qg4+ 35. Qg2 Qxg2+ 36. Kxg2 1-0

[Event "GER HS-107 email"]
[Site "GER email"]
[Date "2011.08.01"]
[Round "?"]
[White "Kuhn, Christian Helmut"]
[Black "Hoffmann, Heiko"]
[Result "1-0"]
[WhiteElo "1831"]
[BlackElo "1894"]
[PlyCount "61"]
[EventDate "2011.08.05"]
[EventType "tourn (corr)"]
[EventRounds "6"]
[EventCountry "GER"]
[SourceTitle "Corr 2015"]
[Source "ChessBase"]
[SourceDate "2015.07.17"]
[SourceVersion "1"]
[SourceVersionDate "2015.07.17"]
[SourceQuality "1"]
[WhiteTeam "Germany"]
[BlackTeam "Germany"]
[WhiteTeamCountry "GER"]
[BlackTeamCountry "GER"]

1. c4 Nf6 2. g3 g6 3. Bg2 Bg7 4. Nc3 0-0 5. d3 e5 6. e4 d6 7. Nge2 Nbd7 8. 0-0 c6 9. h3 a6 10. Be3 b5 11. b4 Re8 12. Rc1 Bf8 13. a3 Nb6 14. c5 dxc5 15. Bxc5 a5 16. Bxf8 Rxf8 17. f4 Nfd7 18. Qd2 Bb7 19. Nd1 axb4 20. axb4 Qe7 21. Ne3 Ra4 22. Rb1 exf4 23. gxf4 Nf6 24. f5 Rd8 25. fxg6 fxg6 26. Nf4 Nbd7 27. h4 Ra3 28. Bh3 Nf8 29. Qb2 Rda8 30. h5 N6d7 31. Qg2 1-0

[Event "GER HS-107 email"]
[Site "GER email"]
[Date "2011.08.01"]
[Round "?"]
[White "Kuhn, Christian Helmut"]
[Black "Pukropski, Goetz"]
[Result "1/2-1/2"]
[WhiteElo "1831"]
[BlackElo "1884"]
[PlyCount "48"]
[EventDate "2011.08.05"]
[EventType "tourn (corr)"]
[EventRounds "6"]
[EventCountry "GER"]
[SourceTitle "Corr 2015"]
[Source "ChessBase"]
[SourceDate "2015.07.17"]
[SourceVersion "1"]
[SourceVersionDate "2015.07.17"]
[SourceQuality "1"]
[WhiteTeam "Germany"]
[BlackTeam "Germany"]
[WhiteTeamCountry "GER"]
[BlackTeamCountry "GER"]

1. c4 g6 2. g3 Bg7 3. Bg2 c5 4. Nc3 Nc6 5. a3 d6 6. Rb1 Nf6 7. Nh3 h5 8. Nf4 h4 9. b4 cxb4 10. axb4 h3 11. Bf3 Ne5 12. 0-0 Nxc4 13. d4 Nb6 14. e4 0-0 15. Qe2 e5 16. dxe5 dxe5 17. Nd3 Be6 18. Rd1 Bc4 19. Bg5 Qc7 20. Qc2 Rfd8 21. Rbc1 Bxd3 22. Rxd3 Rxd3 23. Qxd3 Qd7 24. Be2 Qxd3 1/2-1/2

[Event "BI-2011-P-00004"]
[Site "LSS email"]
[Date "2011.04.17"]
[Round "?"]
[White "Cijs, Peter JG"]
[Black "Kuhn, Christian Helmut"]
[Result "1/2-1/2"]
[WhiteElo "2073"]
[BlackElo "1981"]
[PlyCount "154"]
[EventDate "2011.04.20"]
[EventType "tourn (corr)"]
[EventRounds "10"]
[EventCountry "GER"]
[SourceTitle "Telechess CBM 151"]
[Source "ChessBase"]
[SourceDate "2012.11.13"]
[SourceVersion "1"]
[SourceVersionDate "2012.11.13"]
[SourceQuality "1"]

1. e4 c5 2. Nf3 d6 3. d4 cxd4 4. Nxd4 Nf6 5. Nc3 a6 6. f3 e5 7. Nb3 Be6 8. Be3 Nbd7 9. Qd2 b5 10. 0-0-0 Be7 11. g4 b4 12. Nd5 Bxd5 13. exd5 Nb6 14. Qxb4 Nfxd5 15. Bxb6 Nxb6 16. f4 Qc7 17. fxe5 dxe5 18. Qe4 0-0 19. Kb1 g6 20. h4 a5 21. a4 Rfd8 22. Bd3 Nd5 23. h5 Nf4 24. hxg6 hxg6 25. Bb5 Bf6 26. Rd7 Rxd7 27. Qxa8+ Rd8 28. Qc6 Qxc6 29. Bxc6 Rb8 30. Nxa5 e4 31. Nb3 e3 32. a5 e2 33. a6 Kg7 34. a7 Rh8 35. Rc1 Bh4 36. a8Q Rxa8 37. Bxa8 e1Q 38. Rxe1 Bxe1 39. Kc1 Kf6 40. Nd2 Ke6 41. Nc4 Bh4 42. Kd2 f5 43. Ne3 Be7 44. c3 fxg4 45. Nxg4 Nd5 46. Bxd5+ Kxd5 47. Kd3 Bf8 48. b4 Kc6 49. Kc4 Bd6 50. Ne3 g5 51. Ng4 Be7 52. Nh6 Bf8 53. Nf7 Be7 54. Ne5+ Kd6 55. Nd3 Kc6 56. Nf2 Bd6 57. Kb3 Kd5 58. Ng4 Ke4 59. Kc4 Kf5 60. Nf2 g4 61. Kd5 g3 62. Nh3 Bf4 63. Ng1 Be3 64. Ne2 g2 65. c4 Kg4 66. Ke4 Bd2 67. b5 Ba5 68. c5 Bb4 69. c6 Ba5 70. Kd5 Bb6 71. Kc4 Kf3 72. Kd3 Bc7 73. Ng1+ Kf2 74. Nh3+ Kg3 75. Ng1 Kf2 76. Ne2 Kf3 77. Ng1+ Kf2 1/2-1/2

[Event "BI-2011-P-00004"]
[Site "LSS email"]
[Date "2011.04.17"]
[Round "?"]
[White "Kuhn, Christian Helmut"]
[Black "Sciarretta, Robert W"]
[Result "1/2-1/2"]
[WhiteElo "1981"]
[BlackElo "2224"]
[PlyCount "134"]
[EventDate "2011.04.20"]
[EventType "tourn (corr)"]
[EventRounds "10"]
[EventCountry "GER"]
[SourceTitle "Telechess CBM 151"]
[Source "ChessBase"]
[SourceDate "2012.11.13"]
[SourceVersion "1"]
[SourceVersionDate "2012.11.13"]
[SourceQuality "1"]

1. c4 g6 2. g3 Bg7 3. Bg2 c5 4. Nc3 Nc6 5. a3 b6 6. e3 e6 7. Nge2 Nge7 8. 0-0 Rb8 9. Rb1 d5 10. d3 0-0 11. Qc2 Bb7 12. Rd1 d4 13. exd4 Nxd4 14. Nxd4 Qxd4 15. Be3 Qd8 16. Bxb7 Rxb7 17. Ne4 Nf5 18. Qd2 Rd7 19. b4 Nxe3 20. Qxe3 f5 21. Ng5 Re8 22. h4 Bd4 23. Qe2 e5 24. Nf3 e4 25. Nxd4 cxd4 26. c5 e3 27. c6 Rf7 28. f4 Qd6 29. b5 h6 30. Rbc1 g5 31. hxg5 hxg5 32. c7 Rxc7 33. Rxc7 Qxc7 34. Qh5 Re6 35. Qxg5+ Qg7 36. Qxg7+ Kxg7 37. Rc1 e2 38. Kf2 Re3 39. a4 Kg6 40. Rg1 Rxd3 41. Kxe2 Re3+ 42. Kd2 Ra3 43. Re1 Rxa4 44. Kd3 Rb4 45. Ra1 Rxb5 46. Rxa7 Rb3+ 47. Kxd4 Rxg3 48. Ra8 Rf3 49. Ke5 Re3+ 50. Kd5 Re4 51. Rg8+ Kf7 52. Rb8 Rxf4 53. Rxb6 Re4 54. Ra6 Kg7 55. Rb6 Re7 56. Kd4 Re8 57. Ra6 Re7 58. Rb6 Re1 59. Ra6 Re4+ 60. Kd3 Kf7 61. Rb6 Re6 62. Rxe6 Kxe6 63. Ke2 Ke5 64. Ke3 f4+ 65. Kf3 Kf5 66. Kf2 Kf6 67. Kf3 Ke5 1/2-1/2

[Event "BI-2011-P-00004"]
[Site "LSS email"]
[Date "2011.04.17"]
[Round "?"]
[White "Turoczi, Peter"]
[Black "Kuhn, Christian Helmut"]
[Result "0-1"]
[WhiteElo "1400"]
[BlackElo "1981"]
[PlyCount "48"]
[EventDate "2011.04.20"]
[EventType "tourn (corr)"]
[EventRounds "10"]
[EventCountry "GER"]
[SourceTitle "Telechess CBM 151"]
[Source "ChessBase"]
[SourceDate "2012.11.13"]
[SourceVersion "1"]
[SourceVersionDate "2012.11.13"]
[SourceQuality "1"]

1. e4 c5 2. Nf3 d6 3. d4 cxd4 4. Nxd4 Nf6 5. Nc3 a6 6. Bg5 e6 7. Be2 Be7 8. Qd2 b5 9. f3 0-0 10. a3 Bb7 11. 0-0 Nbd7 12. Rad1 Rc8 13. Kh1 h6 14. Bh4 Qc7 15. Bg3 Nh5 16. Bf2 Nb6 17. Bd3 Rfe8 18. Be3 Nc4 19. Bxc4 bxc4 20. Bf2 Ba8 21. Rfe1 Nf6 22. Bg3 Red8 23. Rb1 Rb8 24. Bf2 Rdc8 0-1

[Event "WC-2015-P-00012"]
[Site "LSS email"]
[Date "2011.02.20"]
[Round "?"]
[White "Kuhn, Christian Helmut"]
[Black "Jordaan, Wayne"]
[Result "1-0"]
[WhiteElo "1990"]
[BlackElo "1651"]
[PlyCount "131"]
[EventDate "2011.02.24"]
[EventType "tourn (corr)"]
[EventRounds "6"]
[EventCountry "GER"]
[SourceTitle "Corr 2015"]
[Source "ChessBase"]
[SourceDate "2015.07.17"]
[SourceVersion "1"]
[SourceVersionDate "2015.07.17"]
[SourceQuality "1"]

1. c4 Nf6 2. g3 g6 3. Bg2 Bg7 4. Nc3 0-0 5. d3 d6 6. Bg5 c5 7. Qd2 Qa5 8. Nf3 Bd7 9. 0-0 Nc6 10. a3 Qb6 11. Rab1 a5 12. b3 Rfe8 13. h3 Nd4 14. Nxd4 cxd4 15. Bxf6 exf6 16. Nd5 Qd8 17. b4 Bc6 18. h4 f5 19. b5 Bd7 20. b6 Rb8 21. Rfe1 a4 22. Qg5 Qxg5 23. hxg5 Kf8 24. f4 Red8 25. Kf2 h5 26. gxh6 Bxh6 27. Rh1 Bg7 28. Bf3 Rdc8 29. Rh4 Rc5 30. Rbh1 Rbc8 31. Nc7 Kg8 32. Rh7 Bc6 33. Bxc6 Rxc6 34. Nd5 Re8 35. R7h4 Re6 36. Rb1 Rc5 37. Rb4 Ra5 38. Rh1 Kf8 39. Rhb1 Re8 40. Rb5 Rxb5 41. Rxb5 Ra8 42. Nc7 Rb8 43. Ra5 Ke7 44. Rxa4 Kd7 45. Nd5 Kc6 46. Ra7 Bh8 47. a4 Bf6 48. a5 Bd8 49. Ke1 Kc5 50. Kd2 g5 51. Kc2 gxf4 52. gxf4 Bh4 53. Kb3 Be1 54. a6 Kc6 55. Ka4 Bh4 56. Rxb7 Rxb7 57. a7 Rxa7+ 58. bxa7 Kb7 59. Kb5 Be1 60. a8Q+ Kxa8 61. Kc6 Bc3 62. Kxd6 Bb2 63. Ke5 Kb7 64. Kxf5 Kc6 65. Kf6 Bc1 66. Kxf7 1-0

[Event "OP-2010-0-01357"]
[Site "LSS email"]
[Date "2010.12.31"]
[Round "?"]
[White "Kuhn, Christian Helmut"]
[Black "Zalascek, Vlado"]
[Result "1/2-1/2"]
[WhiteElo "1907"]
[BlackElo "1491"]
[PlyCount "95"]
[EventDate "2010.12.26"]
[EventType "tourn (corr)"]
[EventRounds "4"]
[EventCountry "GER"]
[SourceTitle "Telechess CBM 145"]
[Source "Chessbase"]
[SourceDate "2011.11.11"]
[SourceVersion "1"]
[SourceVersionDate "2011.11.11"]
[SourceQuality "1"]

1. c4 Nf6 2. g3 e5 3. Bg2 c6 4. d4 exd4 5. Qxd4 d5 6. cxd5 cxd5 7. Nf3 Nc6 8. Qa4 Bc5 9. 0-0 0-0 10. Bg5 Re8 11. Nc3 d4 12. Rad1 Bd7 13. Qc4 Bb6 14. Bxf6 Qxf6 15. Nd5 Qe6 16. Nxb6 axb6 17. Qxe6 fxe6 18. Nxd4 Rxa2 19. Nb5 Rxb2 20. Rxd7 Rxb5 21. Rfd1 Kf8 22. Rxb7 Na5 23. Rc7 Re7 24. Rc8+ Kf7 25. Be4 g6 26. Bd3 Rb2 27. Rcc1 b5 28. Rc5 Rb7 29. e3 Ke7 30. Bf1 h6 31. h4 Nc4 32. Bxc4 bxc4 33. Rd4 Re2 34. Rdxc4 Rbb2 35. Rc7+ Kd6 36. Rf7 Re1+ 37. Kg2 Rxe3 38. Rd4+ Kc6 39. Rg4 g5 40. hxg5 hxg5 41. Rxg5 Re1 42. g4 Rbb1 43. Rg8 Kd5 44. Kg3 Rh1 45. Ra7 Ke5 46. Ra5+ Kf6 47. f3 Ra1 48. Rf8+ 1/2-1/2